[Event "Titled Tuesday intern op 01st Apr Early"]
[Site "Chess.com INT"]
[Date "2025.04.01"]
[Round "2"]
[White "Kalina, Leo"]
[Black "Lorparizangeneh, Shahin"]
[Result "0-1"]
[WhiteElo "1971"]
[BlackElo "2463"]
[PlyCount "96"]
[EventDate "2025.04.01"]
[EventType "swiss (blitz)"]
[EventRounds "11"]
[EventCountry "USA"]
[SourceTitle "CB15_2025"]
[SourceDate "2025.04.09"]
[SourceVersion "1"]
[SourceVersionDate "2025.04.09"]
[SourceQuality "1"]

1. b3 c5 2. Bb2 Nc6 3. Nf3 d6 4. e3 e5 5. d4 cxd4 6. exd4 e4 7. Nfd2 Nf6 8. c4 d5 9. cxd5 Qxd5 10. Bc4 Qg5 11. Kf1 Bb4 12. a3 Ba5 13. d5 Ne5 14. Nc3 Bxc3 15. Bxc3 0-0 16. Qe2 Bd7 17. Qe3 Qf5 18. h3 Nd3 19. Kg1 Rfe8 20. Bxd3 exd3 21. Qf3 Qxf3 22. Nxf3 Nxd5 23. Bd2 Re2 24. Kh2 Rxf2 25. Rhf1 Rxf1 26. Rxf1 Re8 27. Rd1 Bf5 28. Nd4 Bg6 29. Nb5 a6 30. Nd6 Re2 31. Nxb7 Be4 32. h4 Rxg2+ 33. Kh3 f5 34. Nd6 Re2 35. Rc1 h6 36. Ba5 g5 37. hxg5 hxg5 38. Nxe4 Nf4+ 39. Kg3 fxe4 40. Kg4 d2 41. Rc8+ Kf7 42. Rd8 e3 43. Kf5 Rf2 44. Rd7+ Ke8 45. Rd8+ Ke7 46. Kxg5 Ne6+ 47. Kg4 Nxd8 48. Bb4+ Ke6 0-1

[Event "Titled Tuesday intern op 11th Feb Early"]
[Site "Chess.com INT"]
[Date "2025.02.11"]
[Round "4"]
[White "Lorparizangeneh, Shahin"]
[Black "Bartakke, Aditya"]
[Result "1-0"]
[WhiteElo "2463"]
[BlackElo "2116"]
[PlyCount "43"]
[EventDate "2025.02.11"]
[EventType "swiss (blitz)"]
[EventRounds "11"]
[EventCountry "USA"]
[SourceTitle "CB09_2025"]
[SourceDate "2025.02.27"]
[SourceVersion "1"]
[SourceVersionDate "2025.02.27"]
[SourceQuality "1"]

1. e4 Nf6 2. e5 Nd5 3. d4 e6 4. Nf3 c5 5. c4 Nb6 6. d5 d6 7. Nc3 Na6 8. Bg5 Qd7 9. Bd3 Nb4 10. 0-0 Nxd3 11. Qxd3 Be7 12. Bxe7 Qxe7 13. Nb5 0-0 14. exd6 Qf6 15. Nc7 Rb8 16. Qa3 exd5 17. Qxa7 Nd7 18. Nxd5 Qxd6 19. Rad1 Ne5 20. Nxe5 Qxe5 21. Rfe1 Qd6 22. Ne7+ 1-0

[Event "Kuwait op 1st"]
[Site "Kuwait City"]
[Date "2025.01.13"]
[Round "9"]
[White "Bernadskiy, Vitaliy"]
[Black "Lorparizangeneh, Shahin"]
[Result "1/2-1/2"]
[WhiteElo "2545"]
[BlackElo "2456"]
[PlyCount "82"]
[EventDate "2025.01.05"]
[EventType "swiss"]
[EventRounds "9"]
[EventCountry "KUW"]
[SourceTitle "CB03_2025"]
[SourceDate "2025.01.15"]
[SourceVersion "1"]
[SourceVersionDate "2025.01.15"]
[SourceQuality "1"]

1. e4 c5 2. Nf3 Nc6 3. Nc3 g6 4. d4 cxd4 5. Nxd4 Bg7 6. Be3 Nf6 7. Bc4 0-0 8. Bb3 Re8 9. 0-0 d6 10. h3 Na5 11. Qd2 a6 12. Bh6 b5 13. Bxg7 Kxg7 14. Rad1 Bb7 15. Rfe1 Nxb3 16. cxb3 e5 17. Nc2 Rc8 18. Nb4 a5 19. Nbd5 b4 20. Nxf6 Qxf6 21. Nd5 Bxd5 22. Qxd5 Rc2 23. Rf1 Qh4 24. Qxa5 Qxe4 25. Rxd6 Ra8 26. Qd5 Qxd5 27. Rxd5 Rxa2 28. Rb5 Raxb2 29. Rxb4 f5 30. Rc4 Rd2 31. Rc3 e4 32. g3 g5 33. Rc7+ Kf6 34. Rc6+ Ke5 35. Rc5+ Ke6 36. Rc6+ Kd5 37. Rfc1 Rxf2 38. R6c5+ Kd4 39. R1c4+ Kd3 40. Rc3+ Kd4 41. R3c4+ Kd3 1/2-1/2

[Event "Kuwait Rapid op 1st"]
[Site "Kuwait City"]
[Date "2025.01.09"]
[Round "5"]
[White "Jain, Kushagra"]
[Black "Lorparizangeneh, Shahin"]
[Result "1/2-1/2"]
[WhiteElo "2011"]
[BlackElo "2400"]
[PlyCount "135"]
[EventDate "2025.01.09"]
[EventType "swiss (rapid)"]
[EventRounds "9"]
[EventCountry "KUW"]
[SourceTitle "CB03_2025"]
[SourceDate "2025.01.15"]
[SourceVersion "1"]
[SourceVersionDate "2025.01.15"]
[SourceQuality "1"]

1. e4 c5 2. Nf3 g6 3. d4 cxd4 4. Nxd4 Nc6 5. c4 Bg7 6. Be3 Qb6 7. Nb3 Qd8 8. Nd4 Nf6 9. Nc3 0-0 10. Be2 b6 11. 0-0 Bb7 12. f3 Qb8 13. Qd2 Nh5 14. Nc2 d6 15. Rfd1 Qd8 16. Rac1 Rc8 17. b3 f5 18. exf5 gxf5 19. f4 Qe8 20. Bf3 Qg6 21. Kh1 Nf6 22. h3 Kh8 23. Nd4 Nd8 24. Bxb7 Nxb7 25. Ne6 Rg8 26. Nxg7 Rxg7 27. Bd4 Nc5 28. Qe2 Rcg8 29. Rg1 h6 30. b4 Nce4 31. Nxe4 Nxe4 32. Bxg7+ Rxg7 33. g4 Qf6 34. Qf3 Qh4 35. gxf5 Ng3+ 36. Kh2 Nxf5 37. Rxg7 Nxg7 38. Rg1 Qf6 39. Qe4 Qb2+ 40. Rg2 Qf6 41. Rg6 Qb2+ 42. Qg2 Qxg2+ 43. Rxg2 Kg8 44. Re2 Kf7 45. Kg3 Nf5+ 46. Kg4 Kf6 47. a4 h5+ 48. Kf3 Nd4+ 49. Ke3 Nxe2 50. Kxe2 Kf5 51. Ke3 a5 52. bxa5 bxa5 53. Kf3 h4 54. Ke3 e5 55. fxe5 Kxe5 56. Kd3 Kf4 57. Kd4 Kg3 58. Kd5 Kxh3 59. Kxd6 Kg3 60. c5 h3 61. c6 h2 62. c7 h1Q 63. c8Q Qd1+ 64. Ke5 Qxa4 65. Qc3+ Kg2 66. Qd2+ Kf3 67. Qd3+ Kf2 68. Qd4+ 1/2-1/2

[Event "Kuwait op 1st"]
[Site "Kuwait City"]
[Date "2025.01.08"]
[Round "4"]
[White "Lorparizangeneh, Shahin"]
[Black "Wafa, Hamed"]
[Result "1/2-1/2"]
[WhiteElo "2456"]
[BlackElo "2304"]
[PlyCount "112"]
[EventDate "2025.01.05"]
[EventType "swiss"]
[EventRounds "9"]
[EventCountry "KUW"]
[SourceTitle "CB03_2025"]
[SourceDate "2025.01.15"]
[SourceVersion "1"]
[SourceVersionDate "2025.01.15"]
[SourceQuality "1"]

1. d4 Nf6 2. c4 e6 3. Nf3 b6 4. g3 Bb7 5. Bg2 Be7 6. 0-0 0-0 7. Nc3 Ne4 8. Bd2 f5 9. Ne5 Bf6 10. Nxe4 fxe4 11. Bc3 d5 12. e3 Bxe5 13. dxe5 dxc4 14. Qa4 Qd5 15. Rfd1 Qc6 16. Qxc6 Bxc6 17. Rd4 b5 18. a4 a6 19. Rxe4 Rd8 20. Rd4 Rxd4 21. exd4 Bxg2 22. Kxg2 c6 23. Kf3 Nd7 24. Ba5 g5 25. h3 h5 26. Bd2 Nb6 27. axb5 cxb5 28. Bxg5 a5 29. Ke4 a4 30. Bc1 Nd5 31. f4 b4 32. f5 Kf7 33. g4 hxg4 34. hxg4 Ra5 35. f6 a3 36. bxa3 b3 37. Bb2 c3 38. Kd3 cxb2 39. Rb1 Nb6 40. Rxb2 Rb5 41. Rb1 b2 42. g5 Na4 43. Kc2 Kg6 44. Rf1 Rb7 45. d5 Nc5 46. dxe6 Nxe6 47. Kb1 Nxg5 48. Rf2 Rb5 49. Re2 Kf7 50. a4 Rb4 51. Rxb2 Rxa4 52. Rb7+ Kg6 53. Rg7+ Kh6 54. Re7 Kg6 55. Rg7+ Kh6 56. Re7 Kg6 1/2-1/2

[Event "Kermanshah Taq e Bostan 3rd"]
[Site "Kermanshah"]
[Date "2024.09.13"]
[Round "1"]
[White "Khalafvand, Dorsa Sadat"]
[Black "Lorparizangeneh, Shahin"]
[Result "0-1"]
[WhiteElo "1981"]
[BlackElo "2466"]
[PlyCount "82"]
[EventDate "2024.09.13"]
[EventType "swiss"]
[EventRounds "9"]
[EventCountry "IRI"]
[SourceTitle "EXT 2025"]
[Source "ChessBase"]
[SourceDate "2024.10.14"]
[SourceVersion "1"]
[SourceVersionDate "2024.10.14"]
[SourceQuality "1"]

1. c4 e6 2. Nc3 d5 3. d4 Bb4 4. cxd5 exd5 5. Qc2 c5 6. dxc5 d4 7. a3 Bxc5 8. b4 Bb6 9. Nd5 Nc6 10. Nxb6 Qxb6 11. Bb2 Nf6 12. Nf3 Bg4 13. Rd1 Rd8 14. Qc5 Qxc5 15. bxc5 Bxf3 16. exf3 0-0 17. Bb5 Rfe8+ 18. Kd2 Re5 19. Bxc6 bxc6 20. Rc1 Rg5 21. g4 h5 22. h3 Rgd5 23. Rc4 Nd7 24. Rxd4 Nxc5 25. Rxd5 Rxd5+ 26. Ke2 Ne6 27. Bc1 f5 28. Rd1 Nd4+ 29. Ke3 f4+ 30. Ke4 Nb3 31. Rg1 g5 32. Bxf4 Nc5+ 33. Ke3 Rd3+ 34. Ke2 gxf4 35. gxh5+ Kh7 36. Rg6 Rxa3 37. Rxc6 Ra2+ 38. Kf1 Nd3 39. Kg1 a5 40. Rf6 a4 41. Ra6 a3 0-1

[Event "TUR-chT 2nd League"]
[Site "Denizli"]
[Date "2024.07.20"]
[Round "8.3"]
[White "Gholami, Aryan"]
[Black "Lorparizangeneh, Shahin"]
[Result "1/2-1/2"]
[WhiteElo "2481"]
[BlackElo "2473"]
[PlyCount "81"]
[EventDate "2024.07.15"]
[EventType "team-swiss"]
[EventRounds "9"]
[EventCountry "TUR"]
[SourceTitle "EXT 2025"]
[Source "ChessBase"]
[SourceDate "2024.10.14"]
[SourceVersion "1"]
[SourceVersionDate "2024.10.14"]
[SourceQuality "1"]
[WhiteTeam "Manisa Turkuaz"]
[BlackTeam "Goztepe"]
[WhiteTeamCountry "TUR"]
[BlackTeamCountry "TUR"]

1. e4 c5 2. Nf3 d6 3. c3 Nf6 4. Be2 Bd7 5. d3 Nc6 6. 0-0 e5 7. a3 a5 8. Re1 Be7 9. Bf1 0-0 10. a4 Be6 11. Na3 Nd7 12. Nc4 Nb6 13. g3 Kh8 14. Nfd2 f5 15. Nxb6 Qxb6 16. Bh3 d5 17. Qe2 Rae8 18. Nf1 c4 19. exf5 cxd3 20. Qxd3 Bg8 21. Qb5 Qc7 22. Be3 d4 23. cxd4 exd4 24. Bf4 Bd6 25. Bxd6 Qxd6 26. Bg2 d3 27. Rxe8 Rxe8 28. Rd1 Rd8 29. Bxc6 bxc6 30. Qxa5 c5 31. Qc3 Qd4 32. Ra1 Qe4 33. Ne3 d2 34. f6 Bd5 35. Nxd5 Rxd5 36. fxg7+ Kg8 37. Rd1 Qe2 38. Qc2 Rd3 39. h3 Rxg3+ 40. fxg3 Qe3+ 41. Kg2 1/2-1/2

[Event "TUR-chT 2nd League"]
[Site "Denizli"]
[Date "2024.07.19"]
[Round "7.3"]
[White "Lorparizangeneh, Shahin"]
[Black "Chigaev, Maksim"]
[Result "1/2-1/2"]
[WhiteElo "2473"]
[BlackElo "2623"]
[PlyCount "94"]
[EventDate "2024.07.15"]
[EventType "team-swiss"]
[EventRounds "9"]
[EventCountry "TUR"]
[SourceTitle "EXT 2025"]
[Source "ChessBase"]
[SourceDate "2024.10.14"]
[SourceVersion "1"]
[SourceVersionDate "2024.10.14"]
[SourceQuality "1"]
[WhiteTeam "Goztepe"]
[BlackTeam "Pausa Enstitu"]
[WhiteTeamCountry "TUR"]
[BlackTeamCountry "TUR"]

1. d4 Nf6 2. c4 g6 3. Nc3 Bg7 4. e4 d6 5. Be2 e5 6. d5 a5 7. h4 Na6 8. h5 Bd7 9. g4 Nc5 10. f3 gxh5 11. g5 Ng8 12. Rxh5 h6 13. Nb5 hxg5 14. Rxh8 Bxh8 15. Be3 g4 16. Qc2 g3 17. 0-0-0 Bg7 18. Bf1 Bxb5 19. cxb5 Bh6 20. Qd2 Qh4 21. Ne2 Bxe3 22. Qxe3 Qh6 23. Kd2 Qh2 24. Qg5 Ne7 25. Kc1 Qf2 26. Qxg3 Qxg3 27. Nxg3 Ng6 28. Nf5 Kd7 29. b6 Rh8 30. Bb5+ Kd8 31. Rg1 Rh3 32. Rg3 Rxg3 33. bxc7+ Kxc7 34. Nxg3 Nh4 35. Be2 Kd7 36. Nf1 f5 37. Nd2 fxe4 38. fxe4 Kc7 39. Bf1 Ng6 40. Kc2 Nf4 41. b3 Nh5 42. a3 Nf6 43. Bd3 a4 44. b4 Nxd3 45. Kxd3 b5 46. Nb1 Kb7 47. Nc3 Ka6 1/2-1/2

[Event "TUR-chT 2nd League"]
[Site "Denizli"]
[Date "2024.07.17"]
[Round "3.4"]
[White "Oktem, Ege Tuna"]
[Black "Lorparizangeneh, Shahin"]
[Result "0-1"]
[WhiteElo "2228"]
[BlackElo "2473"]
[PlyCount "76"]
[EventDate "2024.07.15"]
[EventType "team-swiss"]
[EventRounds "9"]
[EventCountry "TUR"]
[SourceTitle "EXT 2025"]
[Source "ChessBase"]
[SourceDate "2024.10.14"]
[SourceVersion "1"]
[SourceVersionDate "2024.10.14"]
[SourceQuality "1"]
[WhiteTeam "Ankara DSI Genclik"]
[BlackTeam "Goztepe"]
[WhiteTeamCountry "TUR"]
[BlackTeamCountry "TUR"]

1. e4 e6 2. d4 d5 3. e5 c5 4. c3 Nc6 5. Nf3 Bd7 6. Na3 f6 7. Bd3 fxe5 8. dxe5 c4 9. Bb1 Bxa3 10. bxa3 Qc7 11. 0-0 Nge7 12. Re1 h6 13. a4 Qa5 14. Re3 Rf8 15. Ba3 Nf5 16. Bxf5 Rxf5 17. Bd6 0-0-0 18. Rb1 b6 19. Qc2 g5 20. Ree1 Be8 21. Rb5 Qa6 22. Reb1 g4 23. a5 Nxa5 24. Rc5+ bxc5 25. Rb8+ Kd7 26. Qa4+ Qc6 27. Rb5 Rb8 28. Bxb8 Ke7 29. Nd4 cxd4 30. Qb4+ Kf7 31. Rxa5 d3 32. Rxa7+ Kg6 33. Kf1 d4 34. cxd4 Qe4 35. Qe1 Qxd4 36. f3 d2 37. Qd1 c3 38. Ra5 c2 0-1

[Event "TUR-chT 2nd League"]
[Site "Denizli"]
[Date "2024.07.16"]
[Round "2.7"]
[White "Lorparizangeneh, Shahin"]
[Black "Darban Vaighani, Morteza"]
[Result "1-0"]
[WhiteElo "2473"]
[BlackElo "2281"]
[PlyCount "27"]
[EventDate "2024.07.15"]
[EventType "team-swiss"]
[EventRounds "9"]
[EventCountry "TUR"]
[SourceTitle "EXT 2025"]
[Source "ChessBase"]
[SourceDate "2024.10.14"]
[SourceVersion "1"]
[SourceVersionDate "2024.10.14"]
[SourceQuality "1"]
[WhiteTeam "Goztepe"]
[BlackTeam "Mersin Altin Piyon"]
[WhiteTeamCountry "TUR"]
[BlackTeamCountry "TUR"]

1. d4 d5 2. c4 e6 3. Nc3 Nf6 4. cxd5 exd5 5. Bg5 c6 6. e3 h6 7. Bh4 Be7 8. Bd3 0-0 9. Nge2 Ne8 10. Bg3 Nd6 11. Qc2 Re8 12. 0-0 Bf8 13. b4 a6 14. a4 1-0

[Event "Titled Tuesday intern op 19th Mar Late"]
[Site "Chess.com INT"]
[Date "2024.03.19"]
[Round "7"]
[White "Lorparizangeneh, Shahin"]
[Black "Altini, Nicola"]
[Result "1-0"]
[WhiteElo "2467"]
[BlackElo "2393"]
[PlyCount "79"]
[EventDate "2024.03.19"]
[EventType "swiss (blitz)"]
[EventRounds "11"]
[EventCountry "USA"]
[SourceTitle "EXT 2025"]
[Source "ChessBase"]
[SourceDate "2024.10.14"]
[SourceVersion "1"]
[SourceVersionDate "2024.10.14"]
[SourceQuality "1"]

1. e4 c5 2. Nf3 e6 3. d4 cxd4 4. Nxd4 Nf6 5. Bd3 Nc6 6. Nxc6 bxc6 7. 0-0 d5 8. Nd2 Be7 9. Qe2 0-0 10. b3 Nd7 11. Bb2 Nc5 12. Rad1 Nxd3 13. Qxd3 a5 14. Qg3 Bf6 15. Bxf6 Qxf6 16. Nf3 Ba6 17. Rfe1 Qc3 18. Nd4 Qxg3 19. hxg3 Rfc8 20. Nf3 a4 21. Ne5 Ra7 22. Rd4 f6 23. Nf3 axb3 24. axb3 Bb5 25. exd5 exd5 26. Rb4 Ra2 27. c4 dxc4 28. bxc4 Ba6 29. Re7 c5 30. Rb6 g5 31. Rxf6 Bxc4 32. Nxg5 Bd3 33. Rff7 Bg6 34. Rg7+ Kh8 35. Nxh7 Bd3 36. Nf6 Ra1+ 37. Kh2 Rc6 38. Rgf7 Ra8 39. Rh7+ Bxh7 40. Rxh7# 1-0

[Event "Titled Tuesday intern op 19th Mar Late"]
[Site "Chess.com INT"]
[Date "2024.03.19"]
[Round "1"]
[White "Lorparizangeneh, Shahin"]
[Black "Jaskolka, Tomasz"]
[Result "1-0"]
[WhiteElo "2467"]
[BlackElo "2241"]
[PlyCount "47"]
[EventDate "2024.03.19"]
[EventType "swiss (blitz)"]
[EventRounds "11"]
[EventCountry "USA"]
[SourceTitle "EXT 2025"]
[Source "ChessBase"]
[SourceDate "2024.10.14"]
[SourceVersion "1"]
[SourceVersionDate "2024.10.14"]
[SourceQuality "1"]

1. e4 e6 2. d4 d5 3. Nd2 Nf6 4. e5 Nfd7 5. f4 c5 6. c3 Nc6 7. Ndf3 a5 8. Bd3 a4 9. Ne2 a3 10. b3 cxd4 11. cxd4 Bb4+ 12. Bd2 g6 13. 0-0 Qb6 14. Rc1 0-0 15. Qe1 Bxd2 16. Qxd2 Qa5 17. Qe3 Nb4 18. Bb1 b6 19. f5 exf5 20. Qh6 Re8 21. Rc7 Ra7 22. e6 fxe6 23. Ng5 Nf8 24. Qg7# 1-0